<?xml version="1.0" encoding="UTF-8"?>
<collection xmlns="http://www.loc.gov/MARC21/slim">
 <record>
  <leader>00917ntm a22002295a 4500</leader>
  <controlfield tag="001">EIQ.libpla004093</controlfield>
  <controlfield tag="008">080526s2001####ag#a#####bm###000#0#spa#d</controlfield>
  <controlfield tag="005">20080526182209.0</controlfield>
  <datafield tag="245" ind1="1" ind2="0">
   <subfield code="a">Modificación de poliolefinas post-reactor /</subfield>
   <subfield code="c">Andrés Eduardo Ciolino.</subfield>
  </datafield>
  <datafield tag="260" ind1=" " ind2=" ">
   <subfield code="c">2001.</subfield>
  </datafield>
  <datafield tag="300" ind1=" " ind2=" ">
   <subfield code="a">xxxi, 208 p. :</subfield>
   <subfield code="b">il. ;</subfield>
   <subfield code="c">21 cm.</subfield>
  </datafield>
  <datafield tag="502" ind1=" " ind2=" ">
   <subfield code="a">Tesis (M.A.)--Universidad Nacional del Sur. Departamento de Química e Ingeniería Química, 2001.</subfield>
  </datafield>
  <datafield tag="500" ind1=" " ind2=" ">
   <subfield code="a">Director de tesis: Dr. Enrique Marcelo Vallés.</subfield>
  </datafield>
  <datafield tag="504" ind1=" " ind2=" ">
   <subfield code="a">Incluye referencias bibliográficas.</subfield>
  </datafield>
  <datafield tag="100" ind1="1" ind2=" ">
   <subfield code="a">Ciolino, Andrés Eduardo.</subfield>
   <subfield code="4">dis</subfield>
  </datafield>
  <datafield tag="710" ind1="2" ind2=" ">
   <subfield code="a">Universidad Nacional del Sur (UNS).</subfield>
   <subfield code="b">Dto. de Química e Ingeniería Química</subfield>
   <subfield code="4">dgg.</subfield>
  </datafield>
  <datafield tag="650" ind1=" " ind2="4">
   <subfield code="a">Polímeros</subfield>
   <subfield code="x">Tesis.</subfield>
  </datafield>
  <datafield tag="650" ind1=" " ind2="4">
   <subfield code="a">Poliolefinas</subfield>
   <subfield code="x">Tesis.</subfield>
  </datafield>
  <datafield tag="650" ind1=" " ind2="4">
   <subfield code="a">Polymers</subfield>
   <subfield code="x">Thesis.</subfield>
  </datafield>
  <datafield tag="650" ind1=" " ind2="4">
   <subfield code="a">Polyolefins</subfield>
   <subfield code="x">Thesis.</subfield>
  </datafield>
  <datafield tag="040" ind1=" " ind2=" ">
   <subfield code="a">AR-BbSID</subfield>
   <subfield code="b">spa</subfield>
   <subfield code="c">AR-BbSID</subfield>
  </datafield>
  <datafield tag="859" ind1=" " ind2=" ">
   <subfield code="a">AR-BbSID</subfield>
   <subfield code="b">BIB. PLAPIQUI</subfield>
   <subfield code="h">668.423 4</subfield>
   <subfield code="i">C 494</subfield>
   <subfield code="p">5546</subfield>
  </datafield>
 </record>
</collection>
